书目信息 |
| 题名: |
档案管理与整理
|
|
| 作者: | 何鲁成 编著 | |
| 分册: | ||
| 出版信息: | 北京 档案出版社 1987 |
|
| 页数: | ||
| 开本: | ||
| 丛书名: | 档案学研究资料丛书 | |
| 单 册: | ||
| 中图分类: | G271 | |
| 科图分类: | ||
| 主题词: | 档案管理 , 档案整理 | |
| 电子资源: | ||
| ISBN: | 7-80019-065-X | |
| 000 | 00644nam2 2200241 45 | |
| 001 | 0187002157 | |
| 005 | 20060808171959.39 | |
| 010 | @a7-80019-065-X@dCNY2.35 | |
| 100 | @a19900830d1987 kemy0chiy0121 ea | |
| 101 | 0 | @achi |
| 102 | @aCN@b110000 | |
| 105 | @ay z 000yy | |
| 200 | 10 | @a档案管理与整理@Adang an guan li yu zheng li@f何鲁成编著 |
| 210 | @a北京@c档案出版社@d1987 | |
| 225 | 2 | @a档案学研究资料丛书 |
| 410 | 0 | @120010@a档案学研究资料丛书 |
| 606 | @a档案管理 | |
| 606 | @a档案整理 | |
| 690 | @aG271@v3 | |
| 701 | 0 | @a何鲁成@Ahe lu cheng@4编著 |
| 801 | 2 | @aCN@bNLC@c20060808 |
| 801 | 0 | @aCN@bTSSF |
| 905 | @a10447@dG271@e241 | |
| 档案管理与整理/何鲁成编著.-北京:档案出版社,1987 |
| (档案学研究资料丛书) |
| ISBN 7-80019-065-X:CNY2.35 |
| ● |
| 相关链接 |
|
|
|
|
正题名:档案管理与整理
索取号:G271/241
 
预约/预借
| 序号 | 登录号 | 条形码 | 馆藏地/架位号 | 状态 | 备注 |
| 1 | 0447520 | 204475200 | 密集书库/ [索取号:G271/241] | 在馆 | |
| 2 | 0447521 | 204475219 | 密集书库/ [索取号:G271/241] | 在馆 |